UK Cities by Another Name - Statistics

General Stats
  • This quiz has been taken 253 times
    187 since last reset
  • The average score is 24 of 76
Answer Stats
Alternative/Historical Current (English) % Correct
Bradeford DB Bradford
93%
Liuerpul from Æ Liverpool
87%
Northwic Æ Norwich
85%
Londinium L City of London
81%
Beormingahām Æ Birmingham
78%
Oxenaforda CC Oxford
78%
Loncastre DB Lancaster
75%
Bangor C Bangor (Wales)
71%
Portesmuða Æ Portsmouth
71%
Truru K Truro
70%
Celmeresfort DB Chelmsford
69%
Glaschu SG Glasgow
69%
Colneceastre Æ Colchester
65%
Weorgoran ceaster Æ Worcester
62%
Jórvík NM York
62%
Aquae Sulis L Bath
61%
Prestune DB Preston
61%
Caerdydd C Cardiff
59%
Henffordd C Hereford
49%
Wulfrūnehēantūn Æ Wolverhampton
47%
Dun Holm NM Durham
46%
Peairt SG Perth
46%
Dùn Dèagh SG Dundee
43%
Cofentreo Æ Coventry
42%
Mamucium L Manchester
42%
Sealhford Æ Salford
40%
Licidfelth B Lichfield
39%
Béal Feirste G Belfast
37%
Obar Dheathain SG Aberdeen
35%
Elig Æ Ely
34%
Inbhir Nis SG Inverness
34%
Loidis B Leeds
30%
Dùn Èideann SG Edinburgh
28%
Wachefelt DB Wakefield
28%
Scafeld DB Sheffield
25%
Abertawe C Swansea
25%
Gregsam C Wrexham
25%
Doire G Derry
22%
Dùn Phàrlain SG Dunfermline
22%
Lindum Colonia L Lincoln
21%
Casnewydd C Newport
20%
Wearmouth Æ Sunderland
20%
Grantebrycge Æ Cambridge
19%
Sruighlea SG Stirling
19%
Beannchar G Bangor (NI)
18%
Verulamium L St Albans
16%
Escanceaster Æ Exeter
15%
Ard Mhacha G Armagh
13%
Deva Victrix L Chester
13%
Lios na gCearrbhach G Lisburn
10%
Mildetone DB Milton Keynes
10%
Llanelwy C St Asaph
10%
Tyddewi C St Davids
10%
Hanley, et al. from Æ Stoke-on-Trent
10%
Bristelmestune DB Brighton & Hove
9%
Derventio L Derby
9%
Cair Ceint HG Canterbury
8%
Hamwic Æ Southampton
8%
Caerloyw C Gloucester
7%
Pons Aelius L Newcastle upon Tyne
7%
Iúr Cinn Trá G Newry
7%
Medeshamstede Æ Peterborough
6%
Inhrypum B Ripon
6%
Caer Odor C Bristol
5%
Prittlewell DB Southend-on-Sea
5%
Luguvalium L Carlisle
4%
Noviomagus Reginorum L Chichester
4%
St Margaret ancient parish City of Westminster
4%
Cair Daun HB Doncaster
4%
Wyke E Kingston upon Hull
4%
Cair Lerion HG Leicester
4%
Tigguo Cobauc CB Nottingham
4%
Sutton Æ Plymouth
4%
Fontanetum L Wells
4%
Venta Belgarum L Winchester
4%
Sorviodūnum CB Salisbury
3%
No matching quizzes found
Score Distribution
Percent of People with Each Score
Percentile by Number Answered
Your Score History
You have not taken this quiz since the last reset